000 00594nam a2200205Ia 4500
005 20250923144551.0
008 008 250917s9999 xx 000 0 eng d
037 _aTextual
040 _aDSWL
_beng
_cDSWL
041 _aeng
_2eng
084 _aYX.73, N48-N57
_qDSWL
100 _aBruno, F
_9826168
245 0 _aTrends in social work 1874-1956
_cby Fnank J Bruno.
260 _aNew York
_b Columbia University Press
_c1957
300 _axviii,1462p.
365 _aUSD
_b5.75
925 _g5.75
942 _cTEXL
_hYX.73, N48-N57
999 _c1440591
_d1440591